Normal view
MARC view
- Aquatic ecology series
Entry Uniform Title
001 - CONTROL NUMBER
- control field: 2608
003 - CONTROL NUMBER IDENTIFIER
- control field: NUST
005 - DATE AND TIME OF LATEST TRANSACTION
- control field: 20170614101505.0
008 - FIXED-LENGTH DATA ELEMENTS
- fixed length control field: 170614|| aca||aabn | a|a d
040 ## - CATALOGING SOURCE
- Original cataloging agency: NUST
- Transcribing agency: NUST
130 ## - HEADING--UNIFORM TITLE
- Uniform title: Aquatic ecology series
670 ## - SOURCE DATA FOUND
- Source citation: Work cat.: (NUST)0: Dodds, Walter K. (Walter Kennedy), 1958- 2607, Freshwater ecology :, c2002.
